000 00390nam a22001457a 4500
003 MACL
005 20170418122550.0
008 170418b xxu||||| |||| 00| 0 eng d
040 _cMACL
100 _aTaj Dr Haseen Bhargava Dr Mahesh
_967028
245 _aLanguage Across The Curriculum
260 _aAgra
_bRakhi Prakashan Pvt Ltd
_c2016
650 _aLanguage
_967029
942 _2ddc
_cBK
999 _c56252
_d56252